Quizzes
Events
Quiz Creation
Community
Videos
Private Events
Remove Ads
Sign In
Join for FREE
Feedback
Dark Mode
Quiz Categories
Sports
Geography
Music
Movies
Television
Just For Fun
Miscellaneous
History
Literature
Language
Science
Gaming
Entertainment
Religion
Holiday
For Kids
Quiz Lab
Recent
Popular Today
Quiz Kudos Today
Editor Picks
Curator Picks
Quizzes by...
Day
Popularity
Type
Ratings
Length
Year
Community
Subscriptions
Recent Discussions
Orange Saloon
Badges
Playlists
Quests
Create
Leaderboards
Showdown
Live 5
Trivia Bingo
Activity
Puzzle Library
Sporcle Events
Private Events
Virtual Trivia
Globe League
Become a Host
Pub Owners
SporcleCon
Opinionation
Our Games
Videos
Blog
Mobile Apps
Partnerships
Remove Ads and Go Orange
Feedback
Sports
Athletes
MLB
NBA
NHL
NFL
Soccer
Sports Teams
WWE
NCAA
Football
Premier League
Basketball
Baseball
Hockey
Golf
Tennis
Cricket
Rugby
Auto Racing
Olympics
World Cup
Sports
Athletes
MLB
NBA
NHL
NFL
Soccer
Sports Teams
WWE
NCAA
Football
Premier League
Basketball
Baseball
Hockey
Golf
Tennis
Cricket
Rugby
Auto Racing
Olympics
World Cup
Random Quiz
Search Sporcle
×
Quiz Lab
Quiz Lab
Sports
champion
Type in answers that appear in a list
Type in answers that appear in a list
Classic
Best Score? Go Orange.
Belgian champions cyclocross Stats
Can you name the Belgian champions cyclocross?
By
meksor
6m
70 Questions
1,118 Plays
1,118 Plays
1,118 Plays
Comments
Comments
Give Quiz Kudos
Give Quiz Kudos
-
- Ratings
hide this ad
More Info
Replay
Link that replays current quiz
Next Quiz
Link to next quiz in quiz playlist
You Got
0%
They Got
Avg Score
61%
Avg Friend Score
Upgrade to see
Score Distribution
Jump to the score distribution portion of the page
Score
0/70
Timer
06:00
0
Plays Today
Year
name
% Correct
2014
Sven Nys
99.6%
2012
Sven Nys
99.6%
2010
Sven Nys
99.6%
2009
Sven Nys
99.6%
2008
Sven Nys
99.6%
2006
Sven Nys
99.6%
2005
Sven Nys
99.6%
2003
Sven Nys
99.6%
2000
Sven Nys
99.6%
2011
Niels Albert
94.9%
2007
Bart Wellens
93.2%
2004
Bart Wellens
93.2%
1988
Roland Liboton
86.3%
1980
Roland Liboton
86.3%
1981
Roland Liboton
86.3%
1982
Roland Liboton
86.3%
1984
Roland Liboton
86.3%
1985
Roland Liboton
86.3%
1986
Roland Liboton
86.3%
1989
Roland Liboton
86.3%
1983
Roland Liboton
86.3%
1987
Roland Liboton
86.3%
1978
Roger De Vlaeminck
84%
1974
Roger De Vlaeminck
84%
1975
Roger De Vlaeminck
84%
1967
Eric De Vlaeminck
82.8%
1969
Eric De Vlaeminck
82.8%
1971
Eric De Vlaeminck
82.8%
1972
Eric De Vlaeminck
82.8%
1996
Erwin Vervecken
82.4%
2002
Mario De Clercq
81.8%
2001
Mario De Clercq
81.8%
1960
Roger De Clercq
74.8%
1962
Roger De Clercq
74.8%
1964
Roger De Clercq
74.8%
Year
name
% Correct
2013
Klaas Vantornout
70%
1990
Danny De Bie
67.4%
1991
Danny De Bie
67.4%
1992
Danny De Bie
67.4%
1997
Paul Herygers
67.3%
1993
Paul Herygers
67.3%
1968
Albert Van Damme
58.6%
1963
Albert Van Damme
58.6%
1965
Albert Van Damme
58.6%
1966
Albert Van Damme
58.6%
1970
Albert Van Damme
58.6%
1973
Albert Van Damme
58.6%
1998
Marc Janssens
49.5%
1999
Marc Janssens
49.5%
1995
Marc Janssens
49.5%
1994
Peter Van Den Abeele
29.2%
1958
Firmin Van Kerrebroeck
25%
1950
Firmin Van Kerrebroeck
25%
1952
Firmin Van Kerrebroeck
25%
1955
Firmin Van Kerrebroeck
25%
1956
Firmin Van Kerrebroeck
25%
1961
Firmin Van Kerrebroeck
25%
1979
Jan Teugels
19%
1976
Marc De Block
18.4%
1977
Marc De Block
18.4%
1945
Georges Vandermeirsch
17.6%
1946
Georges Vandermeirsch
17.6%
1947
Georges Vandermeirsch
17.6%
1949
Georges Vandermeirsch
17.6%
1951
Georges Vandermeirsch
17.6%
1957
René De Rey
16.7%
1959
René De Rey
16.7%
1954
Frans Feremans
14.1%
1948
Frans De Coster
13.9%
1953
Georges Furnière
12.8%
Quiz Playlist
Details
Report
Send in Message
Add To Playlist
More Info:
name the belgian champion of the given year
Classic:
Type in answers that appear in a list
Last Updated: Feb 16, 2017
Quiz Scoreboard
CHALLENGE
Sign Up to Join the Scoreboard
Show All
Scores
Hide
Comments
May contain spoilers
Recently Published
NBA Finals Game Top Scorers (2010s)
by flibbidy
Sports
5m
Guess the 'R' Things in 3 Words
by MSUKent
Miscellaneous
3m
Actor to Badly Drawn Movie III
by MoMosMoProblems
Movies
5m
More to Explore
Quiz From the Vault
Featured Blog Post
Where Does Lost Luggage Go?
hide this ad
You Might Also Like...
Tags
Belgian
champion
cross
Cycling
Today's Top Quizzes in Sports
Browse Sports
hide this ad
Today's Top Quizzes in champion
Browse champion
Top Contributed Quizzes in Sports
1
Les joueurs à 100 buts en Ligue 1 Uber Eats
2
2022 World Cup Stars
3
2024 March Madness Bracket
4
Millionaire: NBA Finals Edition
5
Players with Multiple 50 Home Run Seasons
6
Nickname Match: Athletes VI
7
Criteria MLB: Left Handed Sluggers
8
Iconic Moments in Football - Multiple Choice
9
NFL MVPs ordered
10
First NBA MVP by Team
Explore More
Trending Topics
Marvel
Kpop
NBA
Harry Potter
Anime
Disney
Crossword
Country
The Office
WWE
Song
Soccer
NFL
Pokémon
Puzzle
hide this ad
More By:
meksor
Quiz
Plays
Rating
Category
Featured
Created
cyclocross world champions
1,684
3.00
Sports
Jan 31, 2011
cyclocross world champions
1,684
3.00
Sports
Jan 31, 2011
Belgian champions cyclocross
1,118
5.00
Sports
Jan 11, 2012
UCI world cup cyclocross
700
5.00
Sports
Jan 20, 2012
Superprestige Winners
148
Sports
Jul 6, 2011
wes anderson collaborations.
81
5.00
Movies
Feb 8, 2011
Go to Creator's Profile
Score Distribution
Quiz Creator Spotlight
meksor
Follow
Send a Message
Quizzes Created
-
Created Quiz Play Count
-
More By This Creator
Popular Quizzes Today
1
Find the US States - No Outlines Minefield
2
Find the US States
3
The Countries of the World
4
10 Largest US States in Order
5
Find the Countries of Europe - No Outlines Minefield
6
US States
7
Guess the 'R' Things in 3 Words
8
NBA Finals Game Top Scorers (2010s)
More Sports Quizzes
MLB 'F''Y''Z' All Stars in Pictures
Quiz Lab
Trending Quizzes
First Name TV: Leading Men
Match the Book to the Film II
3-Word Movies in 1 Word II
First Name TV: Leading Women Drama
Match the Book to the Film VI
Recently Updated
Women's Final Four Teams by Year
bhenderson79
Presidents Quartet II
eogle
Anything But Clue(do)
eogle
Anything But Oceanian Capitals
eogle
Anything But 7
eogle
Anything But Thing
eogle
Word Ladder: February 29
pecheneg
Song Title Questions
pecheneg
Women's NCAA Tournament #1 Seeds
pecheneg
Celebrity Mug Shots
pecheneg
Trending Topics
Anime
Marvel
NBA
Crossword
Harry Potter
Kpop
Disney
Pokémon
The Office
Soccer
Puzzle
Song
NFL
WWE
Country
Your Account Isn't Verified!
In order to create a playlist on Sporcle, you need to verify the email address you used during registration. Go to your
Sporcle Settings
to finish the process.
Report this User
Report this user for behavior that violates our
Community Guidelines
.
Details:
Send Report
Go to the Sporcle.com Mobile Site →
Comments